000 00971nam a2200241Ia 4500
003 Ost
005 20260507075039.0
008 260507s9999||||xx |||||||||||||| ||und||
020 _a349279977
040 _cfsecg
041 _aara
082 _a330
100 _aعليوة، السيد
_eمؤلف
245 0 _aالتجارة الإلكترونية ومهارات التسويق العلمي /
_c السيد عليوة
260 _aالقاهرة:
_bدار الأمين,
_c2002
300 _a260 صفحة؛
_bإيضاحات ؛
_c24 سم
504 _aببلوغرافيا ص.260
520 _aالتجارة الإلكترونية،مهارات التسويق العلمي،المفهوم التسويقي الحديث والبيئة التسويقية،بحوث التسويق،استراتيجية الترويج وسلوك المستهلك
653 _aالتجارة
653 _aالتسويق
653 _aالمستهلكون
942 _cكتاب
999 _c42492
_d42492